|
|
|
|
| LEADER |
00000nam a2200000 a 4500 |
| 001 |
UCZ2562 |
| 003 |
CL-VaPUC |
| 008 |
951005e19740000SP |||||||||||||||||spa|d |
| 082 |
0 |
4 |
|a 146.3
|b CIU
|2 21
|
| 100 |
0 |
|
|a Ciurana Fernández, José María
|e author
|9 346348
|
| 245 |
1 |
3 |
|a El fin del materialismo filosófico y ateo
|
| 300 |
|
|
|a 251 p
|
| 942 |
|
|
|c BK
|
| 945 |
|
|
|d 19951005 00:00:00
|a cmena
|
| 260 |
|
|
|a Barcelona
|b Bosch
|c 1974
|
| 650 |
|
0 |
|a Materialismo
|9 265687
|
| 650 |
|
0 |
|a Escuelas filosóficas
|9 266232
|
| 650 |
|
0 |
|a Filosofía
|9 223554
|
| 650 |
|
0 |
|a Ateísmo
|9 265671
|
| 650 |
|
0 |
|a Naturaleza humana
|9 308593
|
| 650 |
|
7 |
|a HOMBRE
|2 CL-VaPUC
|9 262149
|
| 583 |
|
|
|a last modification
|c 19951005 00:00:00
|k Rodrigo Vera
|
| 999 |
|
|
|c 239137
|d 239135
|
| 952 |
|
|
|0 0
|1 0
|4 0
|6 146_300000000000000_CIU_1974
|7 0
|8 P
|9 249989
|a BIBEDU
|b BIBEDU
|c BIBEDU_PB
|d 2019-11-18
|i 1568191
|o 146.3 CIU 1974
|p 1568191
|r 2024-01-25
|w 2019-11-18
|y BK
|k FIL
|